Представление документа в формате RUSMARC

ПолеНазваниеЗначение
  Тип записи a
  Библиографический уровень m
001 Контрольный номер UONB/MAIN/b3545be3b06d4c829a591d0d28d4d1d2
005 Дата корректировки 20260414145421.8
010 Индекс ISBN __
d Цена 1 р.
100 Данные общей обработки __
a Данные общей обработки 20260414d1903 u y0rusy0189 ca
101 Язык документа 1_
a Язык текста rus
c Язык оригинала eng
102 Страна публикации __
a Страна публикации RU
105 Кодированные данные (монография) __
a Кодированные данные (монография) y z 000yy
200 Заглавие и сведения об ответственности 1_
a Заглавие Представители человечества
210 Выходные данные 1_
d Дата издания 1903
215 Физическое описание __
a Объем 137 с.
461 Уровень набора _0
1 700 1
a Эмерсон
b Р. У.
g Ральф Уолдо
f 1803-1882
1 2001
a Сочинения Эмерсона
e (с английского)
e с критическим очерком об Эмерсоне и его портретом
f Р. У. Эмерсон
v Т. 2
1 2101
a Санкт-Петербург
c ред. "Нового журнала иностранной литературы"
d 1902-1903
1 300
a Отт. из "Нового журнала иностранной лититературы, искусства и науки". 1901, № 2-11; 1902, № 4-12
1 001UONB/MAIN/a5c5cc98ce974353ac986a0ca04e956b
1 203
a Текст
b визуальный
c непосредственный
1 215
d 24 см
606 Тематические рубрики 0_
a Основная рубрика Американская философия
z Хронологическая подрубрика 19 в.
610 Ключевые слова 0_
a Ключевые слова американская философия 19 в.; философы США
686 Индексы других классификаций __
2 Код системы rubbk
a Классификационный индекс 87.3(7США)
801 Источник записи _0
a Страна RU
b Организация Ульяновская ОНБ
c Дата составления 20260414
g Правила каталогизации RCR
801 Источник записи _1
a Страна RU
b Организация Ульяновская ОНБ
c Дата составления 20260414
g Правила каталогизации RCR
901 Тип документа __
t Тип документа n
w Контрольный № источника UONB/MAIN/a5c5cc98ce974353ac986a0ca04e956b
909 Создатель записи __
a Создатель записи Моргунова
b Дата создания записи 20260414